000 00328nam a2200145Ia 4500
100 _aDonovan/John J
942 _cBK
366 _f15
654 _asystem programming
245 _aSystems Programming
260 _bTata Mc Graw hill Ltd.
_aNew Delhi
_c1972
082 _a005.42/DON
_bDON
300 _a484
546 _aENGLISH
999 _c21606
_d21606